| 000 | 00980nas a2200325 4500 | ||
|---|---|---|---|
| 001 | BR2010000018 | ||
| 003 | BR-BrBNA | ||
| 005 | 20231205114024.0 | ||
| 007 | ta | ||
| 008 | 230509b bl.|||p| |||| 00| 00por d | ||
| 040 |
_aBR-BrBNA _bpor _cBiblioteca Nacional de Agricultura |
||
| 041 | _a(Pt) | ||
| 072 | _aL73 | ||
| 100 | 1 | _aSilva, D.G. | |
| 100 | 1 | _aMontassier, H.J. | |
| 100 | 1 | _aOliveira, R.G. | |
| 100 | 1 | _aFuentes, D.B. | |
| 100 | 1 | _aSamara, S.I. | |
| 100 | 1 | _aJerez, J.A. | |
| 100 | 1 | _aBuzinaro, M.G. | |
| 245 | 1 | _aAvaliação da imunidade passiva em bezerros nascidos de vacas imunizadas com vacina contra rotavírus | |
| 650 | _aBOVINO | ||
| 650 | _aCOLOSTRO | ||
| 650 | _aVACINA | ||
| 650 | _aROTAVÍRUS | ||
| 650 | _aIMUNIDADE | ||
| 773 | 0 |
_tArquivo Brasileiro de Medicina Veterinária e Zootecnia (Brazil) _xISSN 0102-0935 _g(Oct 2008), v. 60(5) p. 1089-1096 _wBR2010000018 |
|
| 909 |
_a202311 _bLúcia _c55 _dLúcia Elande |
||
| 942 |
_2AGRIS _n0 _cANA |
||
| 999 |
_c206757 _d206757 |
||